| 000 | 02159cam a2200325 a 4500 | ||
|---|---|---|---|
| 001 | 16470346 | ||
| 003 | OSt | ||
| 005 | 20231013134604.0 | ||
| 008 | 100922s2011 njua 000 0 eng | ||
| 010 | _a 2010036856 | ||
| 020 | _a9780470405482 (hardback) | ||
| 040 |
_aDLC _cDDC _dDLC |
||
| 042 | _apcc | ||
| 050 | 0 | 0 |
_aTA168 _b.K68 2011 |
| 082 | 0 | 0 | _a620 SYS 2011 |
| 084 |
_aTEC008000 _2bisacsh |
||
| 100 |
_aEdited by Kossiakoff,Alexander;[et..a.al] _914887 |
||
| 245 | 1 | 0 |
_aSystems Engineering : _bprinciples and practice |
| 250 | _a2nd ed. | ||
| 260 |
_aHoboken, N.J. : _bWiley-Interscience, _cc2011. |
||
| 300 |
_axxv,528p. _bill. ; _c25cm. |
||
| 490 | 0 |
_aWiley series in systems engineering and management ; _v67 |
|
| 500 | _aRev. ed. of: Systems engineering : principles and practices / Alexander Kossiakoff, William N. Sweet. 2003. | ||
| 504 | _aIncludes; references and index. | ||
| 520 |
_a"Systems Engineering Principles and Practice is a national standard textbook for the study of traditional systems engineering for advanced undergraduate and graduate students. It addresses the need for an introductory overview, first-text for the development and acquisition of complex technical systems. The material is well organized, readable and fundamental to learning how to think like a systems engineer and carry out best practices in the field. Since systems engineering is still developing as a discipline, there have been new concepts and practices that have entered the field since the text was published in 2003. As an increasing number of students have used the text, topics have been discovered that would benefit from expansion, integration and clarification. The proposed second edition will be developed by colleagues of the original authors to upgrade this unique interdisciplinary guide to systems engineering to maintain relevance and currency in this rapidly changing and demanding field"-- _cProvided by publisher. |
||
| 650 | 0 |
_aEngineering _9809 |
|
| 906 |
_a7 _bcbc _corignew _d1 _eecip _f20 _gy-gencatlg |
||
| 942 |
_2ddc _cO_SHELF |
||
| 999 |
_c7249 _d7249 |
||